书目信息 |
| 题名: |
师生沟通的艺术
|
|
| 作者: | 唐思群 , 屠荣生 编著 | |
| 分册: | ||
| 出版信息: | 北京 教育科学出版社 2001.08 |
|
| 页数: | 199页 | |
| 开本: | 24cm | |
| 丛书名: | 新世纪教师教育丛书 | |
| 单 册: | ||
| 中图分类: | G456 | |
| 科图分类: | ||
| 主题词: | 师生关系 | |
| 电子资源: | ||
| ISBN: | 7-5041-2133-9 | |
| 000 | 00718nam2 2200241 45 | |
| 001 | 0205131719 | |
| 005 | 20041207140459.2 | |
| 010 | @a7-5041-2133-9@dCNY18.20 | |
| 100 | @a20020513d2001 km y0chiy0120 ea | |
| 101 | 0 | @achi |
| 105 | @a z 000yy | |
| 200 | 1 | @a师生沟通的艺术@AShi Sheng Gou Tong De Yi Shu@f唐思群,屠荣生编著@FTang Si Qun,Tu Rong Sheng Bian Zhu |
| 210 | @a北京@c教育科学出版社@d2001.08 | |
| 215 | @a199页@d24cm | |
| 225 | @a新世纪教师教育丛书@f袁振国主编 | |
| 410 | @12001 @a新世纪教师教育丛书 | |
| 410 | @1700 0@a袁振国@AYuan Zhen Guo@4主编 | |
| 606 | 0 | @a师生关系 |
| 690 | @aG456@v4 | |
| 701 | @a唐思群@4编著 | |
| 701 | 0 | @a屠荣生@4编著 |
| 801 | @aCN@bTSTC@c20020513 | |
| 905 | @dG456@e15 | |
| 师生沟通的艺术/唐思群,屠荣生编著.-北京:教育科学出版社,2001.08 |
| 199页;24cm.-(新世纪教师教育丛书/袁振国主编) |
| ISBN 7-5041-2133-9:CNY18.20 |
| ● |
| 相关链接 |
|
|
|
|
正题名:师生沟通的艺术
索取号:G456/15
 
预约/预借
| 序号 | 登录号 | 条形码 | 馆藏地/架位号 | 状态 | 备注 |
| 1 | 0310136 | 203101366 | 第四借阅区/ [索取号:G456/15] | 在馆 | |
| 2 | 0310137 | 203101375 | 第四借阅区/ [索取号:G456/15] | 在馆 | |
| 3 | 0310138 | 203101384 | 第四借阅区/ [索取号:G456/15] | 在馆 | |
| 4 | 0310139 | 203101393 | 第四借阅区/ [索取号:G456/15] | 在馆 | |
| 5 | 0310140 | 203101400 | 第一样本阅览室/ [索取号:G456/15] | 在馆 |